01148nam a2200277Ia 450000500170000000800390001702000190005610000320007524500650010725000390017230000420021149000290025350000450028250501210032760000640044865000460051265000480055865000330060670000640063926400330070333600270073633700330076333800280079604000350082408400110085920220317001035.0160825s2007 ck a g 000 0 spa a978958300440121 aDarío, Rubénd1867-191610aRubén Daríocselección de Carlos Nicolás Hernández a1a. edición b4a. reimpresión  a91 páginas bilustraciones c21 cm  aCuadernillos de poesía aIncluye reseña biográfica del autor. aCanción de otoño en primavera -- Versos de otoño -- La copa de las hadas -- Lo fatal -- Canción de carnaval14aDarío, Rubén d1867-1916 xCrítica e interpretación142LEMBaPoesía nicaragüense ySiglo XIX142LEMBaLiteratura nicaragüense ySiglo XIX142LEMBaAmor en la literatura 1 aHernández Camacho, Carlos Nicolás, d1953-ecompilador  aBogotábPanamericanac2007 atextobtxt2rdacontent asin mediaciónbn2rdamedia avolumenbnc2rdacarrier aCO-BoRNBPbspaerdacCO-BoRNBP aP DAR1